Normal view
MARC view
Entry Topical Term
001 - CONTROL NUMBER
- control field: 70865
003 - CONTROL NUMBER IDENTIFIER
- control field: OSt
005 - DATE AND TIME OF LATEST TRANSACTION
- control field: 20180227170111.0
008 - FIXED-LENGTH DATA ELEMENTS
- fixed length control field: 180227|| aca||aabn | a|a d
040 ## - CATALOGING SOURCE
- Original cataloging agency: OSt
- Transcribing agency: OSt
150 ## - HEADING--TOPICAL TERM
- Topical term or geographic name entry element: चिल्ड्रन
670 ## - SOURCE DATA FOUND
- Source citation: Work cat.: (OSt)41088: अरूण कुमार पाठक 20093, सूर्य अक्षय ऊर्जा का स्त्रोत , 2008









